Aktuálne k systému duálneho vzdelávania aj z daňového aspektu

Vývoj právnej úpravy odborného vzdelávania, aj z aspektu zákona o dane z prijmov. Ilustračné príklady.

Saved in:
Bibliographic Details
Main Author: Jarinkovičová, Valéria
Format: Book Chapter
Language:Slovak
Subjects:
Tags: Add Tag
No Tags, Be the first to tag this record!

MARC

LEADER 00000naa a2200000 4500
001 0257949
005 20190903115039.1
041 0 |a slo 
044 |a SK 
245 1 0 |a Aktuálne k systému duálneho vzdelávania aj z daňového aspektu  |c Valéria Jarinkovičová 
520 |a Vývoj právnej úpravy odborného vzdelávania, aj z aspektu zákona o dane z prijmov. Ilustračné príklady. 
610 2 0 |a dane z príjmov 
610 2 0 |a vzdelávanie duálne 
610 2 0 |a zákony 
610 2 0 |a Slovensko 
100 1 |a Jarinkovičová, Valéria